[Event "FIDE World Cup 2013"]
[Site "Tromso NOR"]
[Date "2013.08.17"]
[Round "3.1"]
[Board "5"]
[White "Karjakin, Sergey"]
[Black "Eljanov, Pavel"]
[Result "1/2-1/2"]
[WhiteTitle "GM"]
[BlackTitle "GM"]
[WhiteElo "2772"]
[BlackElo "2702"]
[WhiteFideId "14109603"]
[BlackFideId "14102951"]
[EventDate "2013.08.11"]

1. e4 c6 2. Nf3 d5 3. Nc3 dxe4 4. Nxe4 Nf6 5. Nxf6+ exf6 6. d4 Bd6 7. Be2 O-O 8.
O-O Re8 9. h3 Bf5 10. Bd3 Qd7 11. Bxf5 Qxf5 12. c4 Na6 13. Qb3 b6 14. Bd2 Nc7
15. Rfe1 g5 16. Rxe8+ Rxe8 17. Qa4 b5 18. Qxa7 bxc4 19. Qa4 Qb5 20. Qc2 Rb8 21.
Rc1 Nd5 22. Qxc4 Qxc4 23. Rxc4 Rxb2 24. Rxc6 Rb1+ 25. Rc1 Rxc1+ 26. Bxc1 Nc3 27.
Bd2 Nxa2 28. Kf1 Nb4 29. Bxb4 Bxb4 30. Ke2 h6 31. Kd3 f5 32. Kc4 Ba3 33. Kd5 Kg7
34. Ke5 Kg6 35. d5 Bc5 36. d6 Bxf2 37. Nd4 f6+ 38. Kd5 Bxd4 39. Kxd4 Kf7 40. Kd5
Ke8 41. Ke6 g4 42. hxg4 fxg4 43. Kxf6 Kd7 44. Kg6 g3 45. Kxh6 Kxd6 46. Kg5 Ke6
47. Kg4 Kf6 48. Kxg3 1/2-1/2